000 00283nam a2200121Ia 4500
008 190216s9999||||xx |||||||||||||| ||und||
100 _aSurjeeth Singh
245 0 _aModern Algebra
260 _bVikas Publishing House
_c1972
300 _a176p
650 _aMathematics
942 _cBK
999 _c30786
_d30786